Statistics for World Capitals Containing D - Three Minute Sprint

Click here to take the quiz!

General Stats

  • This quiz has been taken 688 times
  • The average score is 25 of 38

Answer Stats

Capital% Correct
Dublin
87%
Madrid
86%
Dushanbe
85%
Dodoma
80%
Dakar
79%
Dhaka
79%
Dili
79%
London
79%
New Delhi
79%
Doha
78%
Djibouti
76%
Abu Dhabi
74%
Amsterdam
74%
Baghdad
74%
Damascus
74%
Budapest
72%
Riyadh
72%
Addis Ababa
71%
Andorra la Vella
69%
Podgorica
66%
Santo Domingo
61%
Vaduz
61%
Belgrade
60%
Islamabad
60%
Windhoek
60%
N'Djamena
59%
Yaoundé
59%
Bandar Seri Begawan
57%
Mogadishu
55%
Luanda
53%
Montevideo
52%
Kathmandu
51%
Ngerulmud
50%
Bridgetown
49%
Naypyidaw
44%
Ouagadougou
44%
San Salvador
43%
Sri Jayewardene-
pura Kotte
27%

Score Distribution

Percentile by Number Answered

Percent of People with Each Score

Your Score History

You have not taken this quiz